Insect pests of tropical forestry / (Record no. 32778)

MARC details
000 -LEADER
fixed length control field 01308cam a22003254a 4500
001 - CONTROL NUMBER
control field 12007932
003 - CONTROL NUMBER IDENTIFIER
control field OSt
005 - DATE AND TIME OF LATEST TRANSACTION
control field 20220314142821.0
008 - FIXED-LENGTH DATA ELEMENTS--GENERAL INFORMATION
fixed length control field 000515s2001 nyuab b 001 0 eng
010 ## - LIBRARY OF CONGRESS CONTROL NUMBER
LC control number 00040395
020 ## - INTERNATIONAL STANDARD BOOK NUMBER
International Standard Book Number 085199461X (alk. paper)
040 ## - CATALOGING SOURCE
Original cataloging agency DLC
Transcribing agency HU
Modifying agency DLC
042 ## - AUTHENTICATION CODE
Authentication code pcc
043 ## - GEOGRAPHIC AREA CODE
Geographic area code w------
050 00 - LIBRARY OF CONGRESS CALL NUMBER
Classification number SB764.T73
Item number S64 2001
082 00 - DEWEY DECIMAL CLASSIFICATION NUMBER
Classification number 634.9/67/0913 SPE 2001
Edition number 21
100 1# - MAIN ENTRY--PERSONAL NAME
Personal name Speight, Martin R.
9 (RLIN) 14621
245 10 - TITLE STATEMENT
Title Insect pests of tropical forestry /
Statement of responsibility, etc. Martin R. Speight, F. Ross Wylie.
260 ## - PUBLICATION, DISTRIBUTION, ETC.
Place of publication, distribution, etc. New York :
Name of publisher, distributor, etc. CABI Pub.,
Date of publication, distribution, etc. c2001.
300 ## - PHYSICAL DESCRIPTION
Extent ix, 307 p. :
Other physical details ill. (some col.), maps ;
Dimensions 25 cm.
504 ## - BIBLIOGRAPHY, ETC. NOTE
Bibliography, etc. note Includes bibliographical references (p. 267-296).
650 #0 - SUBJECT ADDED ENTRY--TOPICAL TERM
Topical term or geographic name entry element Forest insects
Geographic subdivision Tropics.
9 (RLIN) 32930
650 #0 - SUBJECT ADDED ENTRY--TOPICAL TERM
Topical term or geographic name entry element Forest insects
General subdivision Control
Geographic subdivision Tropics.
9 (RLIN) 32931
700 1# - ADDED ENTRY--PERSONAL NAME
Personal name Wylie, F. R.
9 (RLIN) 32932
856 42 - ELECTRONIC LOCATION AND ACCESS
Materials specified Publisher description
Uniform Resource Identifier <a href="http://www.loc.gov/catdir/enhancements/fy0610/00040395-d.html">http://www.loc.gov/catdir/enhancements/fy0610/00040395-d.html</a>
856 41 - ELECTRONIC LOCATION AND ACCESS
Materials specified Table of contents only
Uniform Resource Identifier <a href="http://www.loc.gov/catdir/enhancements/fy0610/00040395-t.html">http://www.loc.gov/catdir/enhancements/fy0610/00040395-t.html</a>
906 ## - LOCAL DATA ELEMENT F, LDF (RLIN)
a 7
b cbc
c orignew
d 1
e ocip
f 19
g y-gencatlg
942 ## - ADDED ENTRY ELEMENTS (KOHA)
Source of classification or shelving scheme Dewey Decimal Classification
Koha item type Books like text book referance book
Suppress in OPAC No
Holdings
Withdrawn status Lost status Source of classification or shelving scheme Damaged status Not for loan Collection code Home library Current library Shelving location Date acquired Total Checkouts Full call number Barcode Date last seen Copy number Price effective from Koha item type
    Dewey Decimal Classification     Reference Wondo Genet Library Wondo Genet Library General Stacks 03/14/2022   634.9/67/0913 SPE 2001 WGCFNRL00013119 03/14/2022 1 03/14/2022 Books like text book referance book
    Dewey Decimal Classification     Reference Wondo Genet Library Wondo Genet Library General Stacks 03/15/2022   634.9`67`0913 WGCFNRL00013449 03/15/2022 2 03/15/2022 Books like text book referance book
    Dewey Decimal Classification     Reference Wondo Genet Library Wondo Genet Library General Stacks 03/16/2022   634.9`67`0913 SPE 2001 WGCFNRL00013475 03/16/2022 3 03/16/2022 Books like text book referance book
    Dewey Decimal Classification     Reference Wondo Genet Library Wondo Genet Library General Stacks 04/07/2022   634.9`67`0913 SPE 2001 WGCFNRL00018810 04/07/2022 4 04/07/2022 Books like text book referance book